000 00788nam a22002417a 4500
005 20251108173319.0
008 250721s2001 xx 000 0 ara d
020 _a9953101345
082 1 4 _aم/ط/503/مطل
100 1 _aمطلق، البير
_eمعد
245 1 0 _aموسوعة العلوم /
264 1 _aبيروت :
_bمكتبة لبنان ناشرون،
_c2001.
300 _a111 ص. : مص.
490 0 _aكتب الفراشة : موسوعات المعارف المصورة
650 1 7 _aالعلوم الطبيعية
650 1 7 _aالأحوال الجوية
650 1 7 _aالمكنات
650 1 7 _aالبراكين
650 1 7 _aالظواهر الفيزيائية
653 _aناشئون صغار (10-14 سنة)
942 _2ddc
_cREF
999 _c101010
_d101010